000 01347nam a2200289 a 4500
001 000282130
003 AM-YEHGA
005 20260129160130.0
008 031111s1963 ai r 000|0 arm d
040 _aAM-YEHGA
041 0 _aarm
100 1 _aՍայաթ-Նովա,
_d1712-1795
_91028
245 1 0 _aՀայերեն, վրացերեն, ադրբեջաներեն խաղերի ժողովածու /
_cԿազմ., խմբ., առաջաբ. և վերջաբ. հեղ.՝ Մ. Հասրաթյան ; Նկ.՝ Ա. Գասպարյան.
260 _aԵրևան :
_bՀայպետհրատ,
_c1963.
300 _a347 էջ :
_bնկ. ;
_c23 սմ.
500 _aԱռաջաբ., էջ՝ V-XXXX
500 _aԾանոթագր., էջ՝ 233-276
500 _aԲառարան, էջ՝ 277-320
500 _aՀատուկ անուն. բառարան, էջ՝ 321-326
504 _aԲիբլիոգրաֆիա (հայ. և ռուս. լեզ.), էջ՝ 337-342
650 1 4 _aՀայ գրականություն
_xԵրգարան
650 1 4 _aԳուսանական արվեստ
_94727
653 0 _aՀայ անվանի աշուղներ
700 1 _aՀասրաթյան, Մորուս Ստեփանի,
_d1902-1979
_eկազմ.
_4com
_eխմբ.
_4edt
_eվերջաբ.
_4aft
_92367
700 1 _aԳասպարյան, Անուշավան Վարդանի,
_d1914-1986
_eնկ.
_4art
_93012
942 _2udc
_cBK
999 _c103243
_d103243